000 01188cab a2200325 4500
001 ABS49791
008 090401t1993 xxu||||| |||| 00| 0 eng d
035 _a(Sirsi) u72755
041 _aeng
100 _aPhillips, V.
245 4 _aThe Cambridge Water Company case and the future role of the common law in environmental disputes
260 _c1993
350 _a0
490 _aEnvironmental Policy and Practice
_v3(3) 1993, 187-194(8)
520 _aPart 1 of an article which analyses the decisions in the CA and HL hearings of "Cambridge Water Company Ltd v Eastern Counties Leather" in terms of their impact on the common law. Considers the common law`s future role in environmental pollution cases.
650 _aCAMBRIDGE WATER CO LTD V EASTERN COUNTIES LEATHER PLC (HL)
650 _aCIVIL LIABILITY
650 _aContamination
_96231
650 _aENVIRONMENTAL POLLUTION
650 _aHISTORIC POLLUTION
650 _aLIABILITY
650 _aNEGLIGENCE
650 _aPOLLUTION
650 _aRETROSPECTIVE
650 _aRYLANDS V FLETCHER
690 _aENVIRONMENTAL AND LAND CONSULTANCY
700 _aRenger, M.
942 _n0
948 _c04/03/1997
999 _c45979
_d45979